000 00673nam a2200229Ia 4500
003 OSt
005 20220923225039.0
006 a|||||r|||| 00| 0
007 ta
008 220922b |||||||| |||| 00| 0 hin d
024 _a255,737
037 _cTextual
040 _aARTS
_cARTS
_bhin
041 _2hin
_ahin
082 _aQ1:(A), M9
100 _aसरस्वती
_9156280
245 0 _aप्राचीन भारत के वैज्ञानिक वर्णधार
246 _aPrāchīn bhārat ke vaijnyānik varṇadhāra
260 _c1989
942 _hQ1:(A), M9
_cTEXL
_2CC
999 _c375688
_d375688